History Quiz

Random History or Quote Quiz

Famous Last Words II Quiz Stats

Quiz Updated Oct 18, 2016

Also try: Famous Last Words
Challenge
Share
Tweet
Embed
Score 0/20 Timer 06:00
5 Plays Today
Last Words (Date of Death) Person % Correct
Is it the Fourth? (July 4, 1826)Thomas Jefferson
70.1%
Hold the cross high so I may see it through the flames! (May 30, 1431)Joan of Arc
66.4%
No, you certainly can’t. (November 22, 1963)John F. Kennedy
49.4%
Hey, fellas! How about this for a headline for tomorrow’s paper? ‘French Fries’! (August 10, 1966)James French
18.7%
Ask Bailey what the box office was at the Garden last night (April 7, 1891)PT Barnum
18.6%
I know you have come to kill me. Shoot, coward. You are only going to kill a man. (October 9, 1967)Ernesto 'Che' Guevara
17.7%
Why do you weep. Did you think I was immortal? (September 1, 1715)King Louis XIV
16.2%
I’ve had eighteen straight whiskies, I think that’s the record . . . (November 9, 1953)Dylan Thomas
14.7%
Do not disturb my circles. (212 BC)Archimedes
14.5%
I should never have switched from Scotch to Martinis. (January 14, 1957)Humphrey Bogart
9.2%
Last Words (Date of Death) Person % Correct
I am still alive! (41 AD)Gaius Caligula
8%
This is no time to make new enemies. (1778)Voltaire
7.9%
Tomorrow, I shall no longer be here. (July 2, 1566)Nostradamus
4.8%
Show my head to the people, it is worth seeing. (April 5, 1794)Georges Danton
4.8%
It's very beautiful over there. (October 18, 1931)Thomas Edison
4.3%
Damn it . . . Don’t you dare ask God to help me. (May 10, 1977)Joan Crawford
3.3%
Don't let it end like this. Tell them I said something. (July 20, 1923)Francisco Villa
2.8%
They couldn't shoot an elephant from this dist-. (May 9, 1864)General John Sedgwick
2.8%
I've had a hell of a lot of fun and I've enjoyed every minute of it. (October 14, 1959)Errol Flynn
2.6%
I knew it. I knew it. Born in a hotel room – and God damn it – died in a hotel room. (November 27, 1953)Eugene O'Neill
2.3%

You're not logged in!

Compare scores with friends on all Sporcle quizzes.
Join for Free
OR
Log In

You Might Also Like...

Show Comments

Extras

Top Quizzes Today


Score Distribution

Your Account Isn't Verified!

In order to create a playlist on Sporcle, you need to verify the email address you used during registration. Go to your Sporcle Settings to finish the process.

Report this User

Report this user for behavior that violates our Community Guidelines.

Details: